La responsabilidad del estado : (Registro nro. 6779)

Detalles MARC
000 -LEADER
fixed length control field 00990nam a2200241Ia 4500
003 - CONTROL NUMBER IDENTIFIER
control field OSt
005 - DATE AND TIME OF LATEST TRANSACTION
control field 20200805104239.0
008 - FIXED-LENGTH DATA ELEMENTS--GENERAL INFORMATION
fixed length control field 130821s1997 ck gr spa
020 ## - INTERNATIONAL STANDARD BOOK NUMBER
International Standard Book Number 9583501441
040 ## - CATALOGING SOURCE
Original cataloging agency CO-JMCR
Transcribing agency CO-JMCR
041 0# - LANGUAGE CODE
Language code of text/sound track or separate title spa
082 04 - DEWEY DECIMAL CLASSIFICATION NUMBER
Classification number 342.088 /
Item number T153r
Edition number 23
100 1# - MAIN ENTRY--PERSONAL NAME
Personal name Tamayo Jaramillo, Javier,
Relator term autor
9 (RLIN) 8415
245 13 - TITLE STATEMENT
Title La responsabilidad del estado :
Remainder of title El daño antijurídico (const. Pol., Art 90), en el riesgo excepcional y las actividades peligrosas /
Statement of responsibility, etc. Javier Tamayo Jaramillo.
260 ## - PUBLICATION, DISTRIBUTION, ETC.
Place of publication, distribution, etc. Bogotá :
Name of publisher, distributor, etc. Temis,
Date of publication, distribution, etc. 1997.
300 ## - PHYSICAL DESCRIPTION
Extent 182 páginas ;
Dimensions 22 cm.
504 ## - BIBLIOGRAPHY, ETC. NOTE
Bibliography, etc. note Bibliografía: páginas 181-182.
505 0# - FORMATTED CONTENTS NOTE
Formatted contents note Fuentes de la responsabilidad del estado -- La responsabilidad del estado en la constitución de 1991 -- Las actividades peligrosas en la jurisprudencia del consejo de estado
650 24 - SUBJECT ADDED ENTRY--TOPICAL TERM
Topical term or geographic name entry element Responsabilidad del gobierno
9 (RLIN) 8416
650 24 - SUBJECT ADDED ENTRY--TOPICAL TERM
Topical term or geographic name entry element Ocupaciones peligrosas
9 (RLIN) 8417
650 24 - SUBJECT ADDED ENTRY--TOPICAL TERM
Topical term or geographic name entry element Ley y legislación
9 (RLIN) 8418
942 ## - ADDED ENTRY ELEMENTS (KOHA)
Source of classification or shelving scheme Dewey Decimal Classification
Koha item type Books
Existencias
Withdrawn status Lost status Source of classification or shelving scheme Damaged status Not for loan Home library Current library Shelving location Date acquired Source of acquisition Total Checkouts Full call number Barcode Date last seen Copy number Price effective from Koha item type Public note
    Dewey Decimal Classification     Biblioteca Pública José María del Castillo y Rada Biblioteca Pública José María del Castillo y Rada General Stacks 04/15/2018 Donación   342.088 / T153r 201809956 05/16/2024 Ej.1 04/15/2018 Books Exlibris: paginas con resaltador.